| 000 | 00843nam a2200217 i 4500 | ||
|---|---|---|---|
| 001 | 26080 | ||
| 003 | ES-MaACL | ||
| 005 | 20230906153401.0 | ||
| 007 | t| | ||
| 008 | 030107s1964 sp ||||1| spa d | ||
| 100 | 1 |
_aAresti, Gabriel. _922645 |
|
| 245 | 1 | 0 |
_aPiedra y pueblo _b: recolecta de poemas, ganadora del Premio de Poesía Vasca convocado en Tolosa (Guipúzcoa), en el año 1963 en homenaje a Nicolás Ormaechea "Orixe" / _cGabriel Aresti ; con traducción castellana del propio autor y un prólogo de Juan San Martín. |
| 260 |
_aZarauz : _bIcharopena, _c1964. |
||
| 300 |
_a175 p. ; _c19 cm. |
||
| 490 | 1 |
_aKuliska sorta ; _v55 |
|
| 500 | _aEdición bilingüe en vasco y castellano. | ||
| 700 | 1 |
_aSan Martín, Juan. _9102263 |
|
| 830 | 0 |
_aKuliska sorta ; _v55 _9182694 |
|
| 852 |
_aES-MaACL _jC-25486 |
||
| 999 |
_c26080 _d26080 |
||